[Event "9th HDBank Open 2019"]
[Site "Ho Chi Minh City"]
[Date "2019.03.08"]
[Round "3.23"]
[White "Miciano, John Marvin"]
[Black "Tokhirjonova, Gulrukhbegim"]
[Result "1/2-1/2"]
[WhiteElo "2317"]
[BlackElo "2434"]
[Annotator "NA RC"]
[PlyCount "127"]
[EventDate "2019.03.07"]
[EventType "swiss"]
[EventCountry "VIE"]
[SourceTitle "playchess.com"]
[Source "ChessBase"]
[SourceQuality "1"]
[TimeControl "5400+30"]

1. g3 {[%emt 0:00:00]} d5 {[%emt 0:03:54]} 2. Bg2 {[%emt 0:00:00]} c6 {[%emt 0:00:45]} 3. Nf3 {[%emt 0:00:11]} Bg4 {[%emt 0:00:46]} 4. O-O {[%emt 0:00:57]} Nd7 {[%emt 0:00:15]} 5. d3 {[%emt 0:00:31]} Ngf6 {[%emt 0:00:16]} 6. c4 {[%emt 0:00:08]} e6 {[%emt 0:00:42]} 7. Be3 {[%emt 0:00:23]} Be7 {[%emt 0:02:45]} 8. Qb3 {[%emt 0:00:40]} Qc7 {[%emt 0:03:12]} 9. Nc3 {[%emt 0:02:57]} dxc4 {[%emt 0:02:09]} 10. dxc4 {[%emt 0:07:12]} O-O {[%emt 0:01:41]} 11. Rad1 {[%emt 0:06:22]} e5 {[%emt 0:02:03]} 12. h3 {[%emt 0:01:05]} Bxf3 {[%emt 0:08:07]} 13. Bxf3 {[%emt 0:00:55]} Bc5 {[%emt 0:00:46]} 14. Bc1 {[%emt 0:01:22]} Rfe8 {[%emt 0:01:13]} 15. Qc2 {[%emt 0:03:02]} Nf8 {[%emt 0:04:33]} 16. e3 {[%emt 0:04:13]} Qe7 {[%emt 0:02:07]} 17. Na4 {[%emt 0:03:04]} e4 {[%emt 0:03:02]} 18. Bg2 {[%emt 0:02:36]} N8d7 {[%emt 0:01:59]} 19. b3 {[%emt 0:02:33]} Bd6 {[%emt 0:02:34]} 20. Nc3 {[%emt 0:02:03]} Nc5 {[%emt 0:06:21]} 21. b4 {[%emt 0:03:30]} Nd3 {[%emt 0:06:55]} 22. Nxe4 {[%emt 0:09:37]} Nxb4 {[%emt 0:03:03]} 23. Nxf6+ {[%emt 0:02:57]} Qxf6 {[%emt 0:00:13]} 24. Qb1 {[%emt 0:06:43]} Qe7 {[%emt 0:02:22]} 25. Rd4 {[%emt 0:02:08]} Rad8 {[%emt 0:03:18]} 26. Re4 {[%emt 0:03:49]} Qd7 {[%emt 0:06:36]} 27. Rd1 {[%emt 0:00:59]} Qc7 {[%emt 0:00:56]} 28. Bb2 {[%emt 0:06:34]} Na6 {[%emt 0:03:17]} 29. Ba1 {[%emt 0:08:30]} Nc5 {[%emt 0:03:38]} 30. Rh4 {[%emt 0:01:25]} h6 {[%emt 0:01:37]} 31. Rhd4 {[%emt 0:02:54]} Bf8 {[%emt 0:04:40]} 32. Bf3 {[%emt 0:01:37]} Rd6 {[%emt 0:03:32]} 33. Kg2 {[%emt 0:00:46]} Red8 {[%emt 0:00:25]} 34. h4 {[%emt 0:01:27]} Ne6 {[%emt 0:00:34]} 35. Rxd6 {[%emt 0:00:37]} Rxd6 {[%emt 0:00:08]} 36. Rxd6 {[%emt 0:00:38]} Bxd6 {[%emt 0:01:56]} 37. Bg4 {[%emt 0:00:57]} Nc5 {[%emt 0:00:42]} 38. Bd4 {[%emt 0:00:54]} Qe7 {[%emt 0:02:50]} 39. Qf5 {[%emt 0:03:39]} Ne6 {[%emt 0:00:12]} 40. Bxa7 {[%emt 0:00:05]} b5 {[%emt 0:00:39]} 41. Bd4 {[%emt 0:01:58]} bxc4 {[%emt 0:08:19]} 42. Qc2 Nxd4 43. exd4 {[%emt 0:00:36]} Bc7 {[%emt 0:03:29]} 44. Qxc4 {[%emt 0:00:24]} Bb6 {[%emt 0:00:36]} 45. Bf3 {[%emt 0:00:58]} Qf6 {[%emt 0:00:21]} 46. Bxc6 {[%emt 0:00:12]} Bxd4 {[%emt 0:00:50]} 47. Bf3 g5 {[%emt 0:01:06]} 48. hxg5 {[%emt 0:00:36]} hxg5 {[%emt 0:00:01]} 49. a4 {[%emt 0:00:09]} Kg7 {[%emt 0:00:04]} 50. Qc2 {[%emt 0:00:39]} Qe5 {[%emt 0:00:24]} 51. Be4 {[%emt 0:00:24]} Bb6 {[%emt 0:02:01]} 52. Qd3 {[%emt 0:06:54]} Qd4 {[%emt 0:00:47]} 53. Qc2 {[%emt 0:00:39]} Qe5 {[%emt 0:00:01]} 54. Kf3 {[%emt 0:00:13]} Qf6+ {[%emt 0:00:25]} 55. Bf5 {[%emt 0:00:19]} Qd4 {[%emt 0:00:07]} 56. Be4 {[%emt 0:01:03]} Qf6+ {[%emt 0:00:01]} 57. Bf5 {[%emt 0:00:52]} Qd4 {[%emt 0:00:00]} 58. Qe2 {[%emt 0:01:20]} Kf6 {[%emt 0:00:42]} 59. Bc2 {[%emt 0:00:34]} Qd5+ {[%emt 0:00:52]} 60. Qe4 {[%emt 0:00:54]} Qxe4+ {[%emt 0:01:03]} 61. Bxe4 {[%emt 0:00:06]} Ke5 {[%emt 0:00:04]} 62. g4 {[%emt 0:00:13]} f6 {[%emt 0:00:05]} 63. Bf5 {[%emt 0:00:09]} Kd5 {[%emt 0:00:20]} 64. a5 {[%emt 0:00:07]} 1/2-1/2

[Event "9th HDBank Open 2019"]
[Site "Ho Chi Minh City"]
[Date "2019.03.08"]
[Round "3.24"]
[White "Arellano, Robert"]
[Black "Li, Yankai"]
[Result "0-1"]
[WhiteElo "2109"]
[BlackElo "2434"]
[Annotator "RC"]
[PlyCount "64"]
[EventDate "2019.03.07"]
[EventType "swiss"]
[EventCountry "VIE"]
[SourceTitle "playchess.com"]
[Source "ChessBase"]
[SourceQuality "1"]
[TimeControl "5400+30"]

1. d4 {[%emt 0:10:17]} Nf6 {[%emt 0:00:00]} 2. Nf3 {[%emt 0:02:32]} d5 {[%emt 0:01:04]} 3. g3 {[%emt 0:02:09]} g6 {[%emt 0:03:35]} 4. Bg2 {[%emt 0:01:04]} Bg7 {[%emt 0:00:03]} 5. O-O {[%emt 0:00:22]} O-O {[%emt 0:00:04]} 6. b3 {[%emt 0:01:41]} c5 {[%emt 0:01:20]} 7. Bb2 {[%emt 0:01:14]} cxd4 {[%emt 0:00:32]} 8. Bxd4 {[%emt 0:00:56]} Nc6 {[%emt 0:00:25]} 9. Bb2 {[%emt 0:00:13]} Qc7 {[%emt 0:04:15]} 10. Na3 {[%emt 0:05:53]} Rd8 {[%emt 0:14:27]} 11. Qc1 {[%emt 0:05:59]} e5 {[%emt 0:08:52]} 12. c4 {[%emt 0:12:04]} d4 {[%emt 0:06:26]} 13. c5 {[%emt 0:01:04]} Qe7 {[%emt 0:02:00]} 14. Nb5 {[%emt 0:27:57]} Ne4 {[%emt 0:08:27]} 15. Nh4 {[%emt 0:14:36]} Nxc5 {[%emt 0:04:11]} 16. Ba3 {[%emt 0:04:28]} Bf8 {[%emt 0:00:04]} 17. Nc7 {[%emt 0:00:51]} Qxc7 {[%emt 0:00:55]} 18. Bxc5 {[%emt 0:00:01]} Bg7 {[%emt 0:04:16]} 19. Qa3 {[%emt 0:05:09]} Bg4 {[%emt 0:02:12]} 20. Bf3 {[%emt 0:00:26]} Bxf3 {[%emt 0:00:41]} 21. exf3 {[%emt 0:00:01]} Qd7 {[%emt 0:01:27]} 22. Bb4 {[%emt 0:00:20]} Qd5 {[%emt 0:00:15]} 23. Rac1 {[%emt 0:00:51]} Bf6 {[%emt 0:01:41]} 24. Rc5 {[%emt 0:00:27]} Qd7 {[%emt 0:00:09]} 25. Rb5 {[%emt 0:00:56]} a6 {[%emt 0:04:25]} 26. Rb6 {[%emt 0:00:01]} Re8 {[%emt 0:00:06]} 27. Ng2 {[%emt 0:01:03]} Bd8 {[%emt 0:00:06]} 28. Bc5 {[%emt 0:00:24]} Bxb6 {[%emt 0:00:26]} 29. Bxb6 {[%emt 0:00:03]} Qd5 {[%emt 0:00:55]} 30. b4 {[%emt 0:00:21]} Qb5 {[%emt 0:00:45]} 31. Bc5 {[%emt 0:00:04]} b6 {[%emt 0:00:04]} 32. Bd6 {[%emt 0:01:22]} Rad8 {[%emt 0:00:10]} 0-1

[Event "9th HDBank Open 2019"]
[Site "Ho Chi Minh City"]
[Date "2019.03.08"]
[Round "3.25"]
[White "Zhao, Yuanhe"]
[Black "Tong, Thai Hung"]
[Result "1/2-1/2"]
[WhiteElo "2431"]
[BlackElo "2185"]
[Annotator "NA"]
[PlyCount "158"]
[EventDate "2019.03.07"]
[EventType "swiss"]
[EventCountry "VIE"]
[SourceTitle "playchess.com"]
[Source "ChessBase"]
[SourceQuality "1"]
[TimeControl "5400+30"]

1. Nf3 {[%emt 0:07:58]} d5 {[%emt 0:00:00]} 2. g3 {[%emt 0:00:21]} c5 {[%emt 0:00:00]} 3. Bg2 {[%emt 0:00:06]} Nf6 {[%emt 0:00:00]} 4. O-O {[%emt 0:00:27]} Nc6 {[%emt 0:02:15]} 5. d4 {[%emt 0:00:08]} cxd4 {[%emt 0:01:15]} 6. Nxd4 {[%emt 0:00:06]} Qb6 {[%emt 0:00:06]} 7. Nb3 {[%emt 0:01:20]} e6 {[%emt 0:00:24]} 8. N1d2 {[%emt 0:07:21]} Be7 {[%emt 0:01:27]} 9. e4 {[%emt 0:05:31]} O-O {[%emt 0:00:31]} 10. exd5 {[%emt 0:00:07]} exd5 {[%emt 0:00:44]} 11. Nf3 {[%emt 0:01:15]} Bg4 {[%emt 0:00:17]} 12. Be3 {[%emt 0:01:10]} Qc7 {[%emt 0:00:11]} 13. h3 {[%emt 0:00:54]} Bf5 {[%emt 0:01:16]} 14. c3 {[%emt 0:01:17]} h6 {[%emt 0:00:57]} 15. Re1 {[%emt 0:01:43]} Rfe8 {[%emt 0:01:14]} 16. a4 {[%emt 0:01:27]} Qd7 {[%emt 0:09:56]} 17. Kh2 {[%emt 0:01:16]} Ne4 {[%emt 0:00:11]} 18. a5 {[%emt 0:04:51]} a6 {[%emt 0:06:54]} 19. Nfd2 {[%emt 0:10:33]} Bd6 {[%emt 0:06:16]} 20. Bb6 {[%emt 0:14:32]} Ng5 {[%emt 0:11:14]} 21. h4 {[%emt 0:03:47]} Rxe1 {[%emt 0:00:19]} 22. Qxe1 {[%emt 0:00:06]} Re8 {[%emt 0:00:55]} 23. Qf1 {[%emt 0:04:03]} Ne4 {[%emt 0:01:01]} 24. Rd1 {[%emt 0:02:42]} Nf6 {[%emt 0:04:53]} 25. Nd4 {[%emt 0:01:10]} Nxd4 {[%emt 0:17:21]} 26. Bxd4 {[%emt 0:00:06]} Qe7 {[%emt 0:01:19]} 27. Kg1 {[%emt 0:02:59]} Ne4 {[%emt 0:03:23]} 28. Nxe4 {[%emt 0:03:14]} dxe4 {[%emt 0:00:44]} 29. Re1 {[%emt 0:02:17]} Qc7 {[%emt 0:02:18]} 30. Bb6 {[%emt 0:01:44]} Qc6 {[%emt 0:00:15]} 31. Re3 {[%emt 0:02:52]} Bg6 {[%emt 0:01:09]} 32. Qd1 {[%emt 0:03:47]} f5 {[%emt 0:04:02]} 33. Rd3 {[%emt 0:00:21]} Be5 {[%emt 0:03:34]} 34. Rd8 {[%emt 0:00:41]} Bf7 {[%emt 0:00:21]} 35. Qd2 {[%emt 0:01:53]} Rxd8 {[%emt 0:03:29]} 36. Qxd8+ {[%emt 0:00:52]} Qe8 {[%emt 0:00:04]} 37. Qd2 {[%emt 0:01:56]} Be6 {[%emt 0:00:18]} 38. Be3 {[%emt 0:04:27]} Qd7 {[%emt 0:00:24]} 39. Qxd7 {[%emt 0:02:04]} Bxd7 {[%emt 0:00:03]} 40. f4 {[%emt 0:00:46]} Bc7 {[%emt 0:04:44]} 41. b4 {[%emt 0:00:04]} Bb5 {[%emt 0:13:28]} 42. Bh3 {[%emt 0:00:06]} g6 {[%emt 0:00:01]} 43. h5 {[%emt 0:00:07]} Kf7 {[%emt 0:00:02]} 44. Kf2 {[%emt 0:00:18]} Bc4 {[%emt 0:01:12]} 45. Bd4 {[%emt 0:00:38]} Bd6 {[%emt 0:00:46]} 46. Ke3 {[%emt 0:00:13]} Be6 {[%emt 0:00:34]} 47. hxg6+ {[%emt 0:00:18]} Kxg6 {[%emt 0:00:02]} 48. Bf1 {[%emt 0:00:11]} Be7 {[%emt 0:00:46]} 49. Be2 {[%emt 0:01:59]} h5 {[%emt 0:00:05]} 50. Kd2 {[%emt 0:02:09]} h4 {[%emt 0:00:12]} 51. gxh4 {[%emt 0:00:03]} Bxh4 {[%emt 0:00:01]} 52. c4 {[%emt 0:02:00]} Bd8 {[%emt 0:00:03]} 53. Kc3 {[%emt 0:02:05]} Bc7 {[%emt 0:00:11]} 54. Be3 {[%emt 0:00:20]} Kf6 {[%emt 0:00:47]} 55. Kb3 {[%emt 0:00:25]} Ke7 {[%emt 0:00:08]} 56. Ka4 {[%emt 0:00:35]} Bd7+ {[%emt 0:01:05]} 57. b5 {[%emt 0:00:11]} axb5+ {[%emt 0:01:07]} 58. cxb5 {[%emt 0:00:04]} Kd8 {[%emt 0:00:17]} 59. Bc4 {[%emt 0:00:31]} Kc8 {[%emt 0:00:53]} 60. Bd5 {[%emt 0:00:07]} Bd6 {[%emt 0:00:24]} 61. Bc4 {[%emt 0:00:32]} Kb8 {[%emt 0:00:55]} 62. Kb3 {[%emt 0:00:25]} Bc7 {[%emt 0:00:51]} 63. a6 {[%emt 0:02:04]} b6 {[%emt 0:01:11]} 64. Kc3 {[%emt 0:00:51]} Ka7 {[%emt 0:00:09]} 65. Kd4 {[%emt 0:00:26]} Bd6 {[%emt 0:00:06]} 66. Kd5 {[%emt 0:00:42]} Bb4 {[%emt 0:00:18]} 67. Ke5 {[%emt 0:00:20]} Ba3 {[%emt 0:00:47]} 68. Kf6 {[%emt 0:01:13]} Bd6 {[%emt 0:00:20]} 69. Bf1 {[%emt 0:00:38]} Bb4 {[%emt 0:00:13]} 70. Be2 {[%emt 0:00:09]} Bd6 {[%emt 0:00:08]} 71. Bc4 {[%emt 0:00:09]} Bb4 {[%emt 0:00:08]} 72. Be6 {[%emt 0:01:20]} Bxb5 {[%emt 0:00:30]} 73. Kxf5 {[%emt 0:00:18]} Bd3 {[%emt 0:01:40]} 74. Bd5 {[%emt 0:00:41]} Kxa6 {[%emt 0:00:11]} 75. Bxe4 {[%emt 0:00:07]} Bxe4+ {[%emt 0:00:08]} 76. Kxe4 {[%emt 0:00:04]} Kb7 {[%emt 0:00:09]} 77. Kd5 {[%emt 0:00:06]} Kc7 {[%emt 0:00:13]} 78. f5 {[%emt 0:00:07]} Kd7 {[%emt 0:00:15]} 79. Bxb6 {[%emt 0:00:08]} Ke7 {[%emt 0:00:06]} 1/2-1/2

[Event "9th HDBank Open 2019"]
[Site "Ho Chi Minh City"]
[Date "2019.03.08"]
[Round "3.26"]
[White "Shyaamnikhil P"]
[Black "Kwon, Sehyun"]
[Result "1-0"]
[WhiteElo "2429"]
[BlackElo "2136"]
[Annotator "RC"]
[PlyCount "62"]
[EventDate "2019.03.07"]
[EventType "swiss"]
[EventCountry "VIE"]
[SourceTitle "playchess.com"]
[Source "ChessBase"]
[SourceQuality "1"]
[TimeControl "5400+30"]

1. Nf3 Nf6 2. g3 c5 3. Bg2 d5 4. c4 Nc6 5. cxd5 Nxd5 6. Nc3 Nc7 7. d3 e5 8. Nd2 Bd7 9. O-O Be7 10. Nc4 f6 11. f4 b5 {[%emt 0:27:27]} 12. Ne3 {[%emt 0:12:48]} exf4 {[%emt 0:06:31]} 13. gxf4 {[%emt 0:00:18]} Rc8 {[%emt 0:11:29]} 14. a4 {[%emt 0:04:20]} b4 {[%emt 0:06:56]} 15. Ne4 {[%emt 0:02:29]} O-O {[%emt 0:02:20]} 16. Nc4 {[%emt 0:03:04]} Ne8 {[%emt 0:09:37]} 17. f5 {[%emt 0:03:23]} Ne5 {[%emt 0:04:07]} 18. Qb3 {[%emt 0:07:44]} Kh8 {[%emt 0:01:00]} 19. Rf4 {[%emt 0:04:53]} Nxc4 {[%emt 0:08:33]} 20. dxc4 {[%emt 0:01:43]} Nd6 {[%emt 0:01:56]} 21. Ng3 {[%emt 0:00:34]} Nf7 {[%emt 0:00:46]} 22. Rh4 {[%emt 0:03:16]} Bd6 {[%emt 0:02:56]} 23. Qf3 {[%emt 0:03:40]} Qe8 {[%emt 0:01:17]} 24. Ne4 {[%emt 0:09:09]} Qe5 {[%emt 0:07:12]} 25. Ng3 {[%emt 0:14:31]} Ng5 {[%emt 0:04:06]} 26. Bxg5 {[%emt 0:03:47]} fxg5 {[%emt 0:04:44]} 27. Rxh7+ {[%emt 0:00:09]} Kxh7 {[%emt 0:00:02]} 28. Qh5+ {[%emt 0:00:07]} Kg8 {[%emt 0:00:02]} 29. Bd5+ {[%emt 0:00:09]} Qxd5 {[%emt 0:00:07]} 30. cxd5 {[%emt 0:00:05]} Bxg3 {[%emt 0:03:07]} 31. hxg3 {[%emt 0:00:10]} Rxf5 {[%emt 0:00:11]} 1-0

[Event "9th HDBank Open 2019"]
[Site "Ho Chi Minh City"]
[Date "2019.03.08"]
[Round "3.27"]
[White "Mithil, Ajgaonkar"]
[Black "Predke, Alexandr"]
[Result "0-1"]
[WhiteElo "2332"]
[BlackElo "2611"]
[Annotator "TA"]
[PlyCount "76"]
[EventDate "2019.03.07"]
[EventType "swiss"]
[EventCountry "VIE"]
[SourceTitle "playchess.com"]
[Source "ChessBase"]
[SourceQuality "1"]

{[%evp 20,75,19,9,33,0,0,0,0,0,6,0,0,-5,-15,-22,0,0,23,6,0,-17,8,-66,-45,-41,-38,-33,-52,-76,-70,-89,-6,-82,-25,-36,-38,-71,0,0,0,0,0,-14,0,0,0,-45,-72,-642,-627,-606,-595,-1072,-1037,-29989,-29990,-29999]} 1. d4 Nf6 2. c4 e6 3. Nf3 b6 4. g3 Bb7 5. Bg2 Be7 6. O-O O-O 7. Nc3 Ne4 8. Qc2 Nxc3 9. Qxc3 f5 10. Rd1 Bf6 11. Bf4 {LiveBook: 18 Games} a5 {E19: Queen's Indian: Old Main Line with 7...Ne4 8 Qc2 Nxc3 8 Qxc3} (11... d6 12. Rac1 Qe7 13. h4 Nd7 14. Qe3 a5 15. Ne5 Bxg2 16. Kxg2 dxe5 17. dxe5 Nxe5 18. Bxe5 Bxe5 19. Qxe5 {½-½ (46) Savchenko,B (2639)-Khanin,S (2436) Voronezh 2017}) 12. c5 $146 ({Predecessor:} 12. Be5 d6 13. Bxf6 Qxf6 14. Ne1 Bxg2 15. Nxg2 Nc6 16. Rac1 Rae8 17. e3 g5 18. f4 h6 19. a3 {1-0 (30) Hintze,H (2346)-Morawietz,D (2449) Germany 2008}) 12... bxc5 13. Qxc5 d6 {The position is equal.} 14. Qc3 Qe7 15. Rac1 Rc8 16. Nd2 Bxg2 17. Kxg2 Na6 18. a3 Nc5 19. Qc4 Nd7 20. Qd3 a4 21. Qf3 (21. e4 $11) 21... g5 $15 22. Be3 c5 23. dxc5 d5 {[%cal Bd6d5,Bd5d4][%mdl 32]} 24. Nb1 Bxb2 25. Rc2 Bf6 (25... g4 $17 26. Qf4 Be5) 26. Qh5 (26. Nc3 $1 $11 {keeps the balance.}) 26... Nxc5 ({Black should play} 26... Ra6 $17 27. Bd2 Qf7 28. Qxf7+ Kxf7) 27. Rdc1 $1 $11 {[%cal Rc2c5]} d4 28. Bd2 {[#]} Qb7+ (28... g4 $1 $17 {White must now prevent ...d3.} 29. Kg1 Qb7 30. Rxc5 Rxc5 31. Rxc5 Qxb1+ 32. Bc1 Qb6) 29. f3 Nd7 30. Bxg5 Bg7 {Strongly threatening ...Rxc2.} 31. Nd2 Rxc2 32. Rxc2 Qa6 33. f4 d3 $36 {[%mdl 2048] Black is in control.} 34. Rc7 $4 {[%mdl 8192] [#]} (34. Rc1 $17) 34... dxe2 $19 35. Nf3 Qd6 36. Rc1 Qd1 37. Bh6 Qxc1 {[%csl Ge2][%cal Rc1f1]} 38. Bxg7 Qf1# {Precision: White = 29%, Black = 51%.} 0-1

[Event "9th HDBank Open 2019"]
[Site "Ho Chi Minh City"]
[Date "2019.03.08"]
[Round "3.28"]
[White "Wen, Yang"]
[Black "Gomes, Mary Ann"]
[Result "1-0"]
[WhiteElo "2599"]
[BlackElo "2312"]
[Annotator "TA"]
[PlyCount "149"]
[EventDate "2019.03.07"]
[EventType "swiss"]
[EventCountry "VIE"]
[SourceTitle "playchess.com"]
[Source "ChessBase"]
[SourceQuality "1"]

{[%evp 15,149,10,10,17,21,4,23,12,42,37,45,49,52,30,39,31,47,29,30,22,25,28,37,26,57,58,60,64,63,59,56,52,86,35,33,24,25,26,56,26,32,32,48,32,43,32,32,32,32,32,33,32,39,39,42,42,42,42,42,42,42,42,49,38,39,39,39,27,27,27,28,4,11,11,22,22,39,25,39,39,39,39,39,39,39,39,47,52,61,54,54,48,136,136,137,137,141,136,143,144,168,175,185,181,373,352,358,343,1486,1190,1349,1227,1500,1266,29958,29960,5213,5895,29970,29973,29975,29976,29976,29974,29968,29978,29977,29970,29978,29979,29982,29982,29984,29985,29984,29985]} 1. e4 c5 2. Nf3 d6 3. d4 cxd4 4. Nxd4 Nf6 5. Nc3 a6 6. g3 e5 7. Nde2 Be7 8. Bg2 b5 9. Nd5 {B91: Sicilian Najdorf: 6 g3} Nbd7 10. Nec3 Bb7 11. a4 {White has an edge.} Bxd5 $146 ({Predecessor:} 11... Nxd5 12. Nxd5 Nf6 13. Nxe7 Qxe7 14. axb5 axb5 15. Rxa8+ Bxa8 16. Bg5 O-O {½-½ (50) Malakhov,V (2712)-Kuzubov,Y (2637) Chartres 2017}) 12. Nxd5 Nxd5 13. Qxd5 b4 14. Be3 O-O 15. O-O Qc7 16. Qd3 a5 17. Rfc1 Nc5 18. Qd5 Rab8 19. h4 Rfd8 20. Bf1 Qb7 21. Qxb7 Rxb7 22. Bc4 Rc7 23. Bd5 Rdc8 24. Bd2 (24. c3 $16) 24... Bd8 25. f3 Kf8 26. Kf1 Na6 27. Ke2 Rb8 28. b3 Rcc8 29. Bc4 Nc5 30. Be3 Bb6 31. Rd1 Ke7 32. Rd5 f6 33. h5 h6 34. Bxc5 Rxc5 35. Rad1 Rxd5 36. Rxd5 $14 {[%mdl 4096] Endgame KRB-KRB} Bc5 37. f4 Kf8 38. Kf3 Re8 39. Bb5 Re7 40. Bd3 Kf7 41. Kg4 g6 42. hxg6+ Kxg6 43. Kf3 Rg7 44. Bc4 Kh7 45. Rd2 Bd4 46. Rh2 Rc7 47. Rh4 Re7 48. Rh3 Kg7 49. Rh5 Kg6 50. Kg4 Kg7 51. Kf5 Bf2 $1 52. Rh4 h5 $1 53. Rh3 exf4 (53... Be1 $14) 54. gxf4 $16 h4 55. Rh2 $1 {[%cal Rh2f2]} Bg3 56. Rd2 $1 Rd7 57. Rd5 Kh6 58. Bf1 ({Inferior is} 58. Kxf6 Bxf4 59. Kf5 Bg3 $11) 58... Rc7 59. Rxd6 Rxc2 $2 (59... Kg7) 60. Rxf6+ $18 Kg7 61. Bc4 Bf2 $2 (61... Rc3 62. Rg6+ Kh7) 62. Kg5 Rxc4 63. bxc4 {KR-KB} b3 64. Rd6 h3 65. Rd7+ Kf8 {[#]} 66. Kf6 $1 {[%cal Rd7d8]} Bh4+ 67. Ke6 {White mates.} h2 68. Rd1 Bf2 {[#]} 69. f5 $1 Kg7 70. f6+ Kg6 71. f7 Bc5 72. e5 Kg7 73. Rf1 Kf8 74. Kd7 b2 75. e6 {Accuracy: White = 71%, Black = 43%.} 1-0

[Event "9th HDBank Open 2019"]
[Site "Ho Chi Minh City"]
[Date "2019.03.08"]
[Round "3.29"]
[White "Pranesh, M."]
[Black "Pichot, Alan"]
[Result "1-0"]
[WhiteElo "2309"]
[BlackElo "2584"]
[Annotator "TA"]
[PlyCount "77"]
[EventDate "2019.03.07"]
[EventType "swiss"]
[EventCountry "VIE"]
[SourceTitle "playchess.com"]
[Source "ChessBase"]
[SourceQuality "1"]

{[%evp 17,77,-3,0,-14,-11,-6,0,0,0,0,8,-22,-7,-26,-26,-29,-25,-42,-35,-49,-17,-28,-25,-22,0,0,0,0,0,0,0,-18,-31,-34,-8,-2,29,-6,26,27,38,25,95,97,103,113,91,99,98,43,53,56,428,440,450,435,418,470,435,421,552,542]} 1. e4 c5 2. Nf3 Nc6 3. Nc3 e5 4. Bc4 Be7 5. Nd5 Nf6 6. Nxe7 Qxe7 7. d3 d6 8. c3 {B30: Sicilian: 2...Nc6 3 Bb5, lines without ...g6} Be6 9. Qe2 h6 {LiveBook: 3 Games} 10. O-O {The position is equal.} O-O 11. h3 $146 ({Predecessor:} 11. Re1 a6 12. h3 b5 13. Bb3 Rfe8 14. Bc2 d5 15. exd5 Bxd5 {1-0 (32) Mamedov,N (2577)-Stamenkov,V (2350) Plovdiv 2008}) 11... Rab8 12. Bb5 Rfc8 13. Re1 Bd7 14. c4 Nd8 15. Nh4 Be6 16. f4 a6 17. Ba4 b5 18. Bc2 Nd7 19. Nf3 {And now f5 would win.} exf4 20. Bxf4 bxc4 (20... Ne5 {seems wilder.} 21. b3 Ndc6 22. Rf1 f6 23. Rad1 bxc4 24. dxc4 a5) 21. dxc4 Rxb2 22. Qd3 $1 Qf6 23. Bxd6 {[#]} Bxc4 $1 {[%mdl 512]} 24. Qxc4 Qxd6 25. Rad1 Qe6 26. Qc3 Rb6 27. Rd5 {Threatens to win with Red1.} Qe7 28. Nd4 $1 {[%cal Rd4f5] Hoping for Nf5.} Nf6 $1 29. Nf5 {[%mdl 1024] White has compensation.} Qf8 (29... Qc7 $11 {keeps the balance.}) 30. Rd2 $16 c4 31. e5 Ne8 32. Rd7 $36 {[%mdl 2048] White has strong initiative.} Re6 33. Kh1 (33. Ba4 $16) 33... Nc6 $1 $14 34. Qxc4 Nf6 $2 {[%mdl 8192] [#]} (34... Nxe5 $14 35. Qxc8 Nxd7 36. Rxe6 fxe6) 35. Rxf7 $3 $18 {[%mdl 512]} Qxf7 {[#]} 36. Bb3 $1 Rce8 {White must now prevent ...Na5.} 37. Nd6 Na5 38. Qa4 Qd7 {Strongly threatening ...Qxa4.} 39. Qxa5 {Precision: White = 71%, Black = 49%.} 1-0

[Event "9th HDBank Open 2019"]
[Site "Ho Chi Minh City"]
[Date "2019.03.08"]
[Round "3.30"]
[White "Nasanjargal, Urtnasan"]
[Black "Hoang, Thi Bao Tram"]
[Result "1-0"]
[WhiteElo "2503"]
[BlackElo "2301"]
[Annotator "TA"]
[PlyCount "151"]
[EventDate "2019.03.07"]
[EventType "swiss"]
[EventCountry "VIE"]
[SourceTitle "playchess.com"]
[Source "ChessBase"]
[SourceQuality "1"]

{[%evp 16,151,15,7,52,8,41,45,73,39,45,61,99,97,134,128,112,114,124,112,125,102,134,141,125,124,170,83,127,104,102,108,112,113,113,113,120,101,101,94,107,39,50,41,47,41,64,64,71,45,44,55,87,90,151,16,18,0,144,161,159,159,146,139,134,79,150,120,189,172,225,225,212,196,262,194,199,143,159,157,146,156,155,160,213,212,213,202,206,206,178,49,202,166,152,97,53,18,18,0,9,0,0,0,0,0,0,0,0,0,33,0,0,0,0,0,0,0,0,0,0,0,0,0,24,5,5,5,42,8,8,12,52,4,68,66,165,162]} 1. c4 e6 2. d4 d5 3. Nf3 Nf6 4. g3 dxc4 5. Bg2 Bb4+ 6. Bd2 Be7 7. Qa4+ Nbd7 8. O-O O-O 9. Qxc4 a6 {E04: Open Catalan: 5 Nf3} 10. Rd1 c5 11. Qc2 Qb6 {White is slightly better.} 12. Bc3 $146 ({Predecessor:} 12. Be1 cxd4 13. Nxd4 Ne5 14. Qb3 Qxb3 15. axb3 {1-0 (36) Ulybin,M (2575)-Alienkin,A (2415) Vienna 1998}) 12... Qc7 13. Nbd2 b5 14. dxc5 Qxc5 15. Nd4 Nd5 16. N2b3 Qc7 17. Nf5 Bf6 {Threatens to win with ...b4.} 18. Rac1 N7b6 19. Bxf6 Qxc2 20. Rxc2 gxf6 21. a3 (21. e4 $1 $18) 21... Ra7 22. Nd6 {Strongly threatening Bxd5.} Ne7 23. Na5 Bd7 24. Bb7 f5 25. f3 Rd8 26. Kf2 Kf8 27. b3 Be8 28. Rdd2 (28. e4 $16) 28... Nbd5 $14 29. Nxe8 Rxe8 30. h3 Nf6 31. g4 Rb8 32. g5 Ne8 $1 33. Rd7 Nd5 34. Rc6 Ne7 ({Black should play} 34... h6) 35. Rc5 (35. Rxa6 Rxa6 36. Bxa6 Ra8 $15) (35. Rb6 $1 $16) 35... Nd5 $1 $11 36. Rc6 (36. Bc6 $11 Rxd7 37. Bxd7) 36... Ne7 $1 $16 37. Rb6 $1 (37. Rxa6 Rxa6 38. Bxa6 Ra8 $15) 37... Nd5 38. Bxd5 (38. Rxa6 Rxa6 39. Bxa6 Ra8 $17) (38. Bxa6 Rba8 $17) 38... Rxd7 39. Rxb8 Rxd5 {[%mdl 4096] Endgame KRN-KRN} 40. Ra8 (40. Nc6 $142) 40... Rd6 (40... f4 $142) 41. b4 e5 (41... f4 $16 {might work better.} 42. Nb7 Rd1) 42. h4 f6 (42... Ke7 $142 43. Ra7+ Kf8) 43. Nb7 $18 Rc6 44. Nc5 fxg5 (44... e4 $142 45. fxe4 fxe4) 45. hxg5 Kf7 46. Nxa6 (46. Nd7 $18 Re6 47. Ra7) 46... Nd6 47. Ra7+ Kg6 48. Nb8 $1 {[%cal Rb8c6]} Rc8 49. Nd7 Nc4 (49... Kxg5 $16 {keeps fighting.} 50. Nxe5 Kf6) 50. a4 $1 {[%cal Ra4b5]} bxa4 51. b5 $1 {[%cal Bb4b5,Bb5b6][%mdl 32]} (51. Rxa4 $6 Kxg5 52. b5 Rc7 $16) 51... Kxg5 52. b6 {And now b7 would win.} ({Don't take} 52. Rxa4 $6 Rc7 $16) 52... Nd6 53. Nxe5 ({White should try} 53. Rxa4 $18 {aiming for Ra7.} Rc3 54. Rb4 (54. Nxe5 Rb3 $16)) 53... Rc5 $2 (53... Rb8 $1 $14) 54. Rxa4 {Rd4 is the strong threat.} Rb5 {[#]} 55. f4+ (55. Rd4 $142 $1 Kf6 56. Nc6 (56. Rxd6+ Kxe5 57. Rc6 Rb2 $16)) 55... Kf6 $16 56. Rd4 Ke6 57. Rd1 Rxb6 58. Rh1 Rb7 59. Rh6+ Kd5 60. Nd3 Ne4+ 61. Ke3 Rg7 {[%cal Rg7g3]} (61... Nd6 {is more complex.} 62. Kf2) 62. Ne5 Rg3+ 63. Nf3 Rg7 64. Rh5 Ng3 65. Rh6 Ra7 66. Ne5 Ne4 67. Rh5 Nd6 68. Nd3 Nc4+ 69. Kf3 Nd6 70. Nf2 Ra3+ 71. e3 Ra7 72. e4+ Kd4 {[%cal Rf5e4]} 73. exf5 Rf7 74. Kg4 h6 (74... Rg7+ $11 75. Kf3 Rf7) 75. Nh1 $14 Ke3 {[#]} (75... Nc4 $14) 76. Rh3+ $1 {Accuracy: White = 59%, Black = 51%.} 1-0